00748nam a2200205 a 450000100060000000300090000600800410001502000150005604000280007108200170009910000300011624500320014626000250017830000100020350502190021365000320043265000310046465000140049565000330050922845CO-ViMGA141112s2004 ck r 000 u spa d a8497323629 aCO-ViMGAbspacCO-ViMGA04a658.81 L611g1 aLobato Gòmez, Francisco10aGestiòn de la compraventa aEspaña : bThomson a270p. aLa funcion comercial de la empresa, El mercado, Planificacion de las ventas, La direcciòn del equipo de ventas, La negociaciòn comercial, La comunicaciòn en la empresa, La comunicacion escrita en la actividad14aADMINISTRACION DE COMPRAS 14aADMINISTRACION DE MERCADEO14aMERCADEO 14aVENDEDORES Y ARTE DE VENDER